000 nam a22 a 4500
999 _c424337
_d424337
003 BLK
005 20210720082906.0
008 210720b bu |||||r|||| 00| | bu d
040 _aBLK
041 _aBUL
_cBUL
080 _aРуска литература
_b821.161.1
_x-2
_z821.161.1-2
100 _91299
_aСтепняк-Кравчинский, Сергей Михайлович
_eпърви автор
139 _aСтепняк-Кравчинский, Сергей Михайлович
245 _aНовопокръстен
_bДрама в 4 д.
_cС. Степняк ; Прев. Г. Бакалов
260 _9460172
_aВарна
_bкниж. Вен. Божилов
_c1898
_fВарна : Взаимност
300 _a111 с.
_c20 см
380 _aX
490 _9435080
_aКолекция Редки и ценни издания
700 _9966
_aБакалов, Георги Иванов
_eпрев.
852 _aЦб Рб 898
_bРц
942 _cKNG
_n0
_s1
944 _aCR
_c2021-07-20
_kВЙ